| 000 | 01268nam0a22002651 4500 | ||
|---|---|---|---|
| 001 | rc\3049894 | ||
| 005 | 20111010143859.6 | ||
| 035 | _a(NLR Aleph) 007189469 | ||
| 090 |
_a7523369 _c7523369 |
||
| 100 | _a20111010d1935 |||y0rusy50 ca | ||
| 101 | 0 | _arus | |
| 102 | _aRU | ||
| 105 | _aa z ||||| | ||
| 200 | 1 |
_aПрименение комплексных диаграмм и теории функций комплексной переменной к теории упругости _fпроф. Г.В. Колосов |
|
| 210 |
_aМосква _aЛенинград _cГл. ред. общетехн. дисциплин _d1935 _eЛенинград _gтип. им. Евг. Соколовой |
||
| 215 |
_aОбл., 224 с. _cил. _d20х13 см |
||
| 300 | _aНа обл. загл.: "Применение комплексной переменной к теории упругости" | ||
| 320 | _aБиблиогр.: "Литература" ... (с. 215-19) | ||
| 512 | 0 | 0 | _aПрименение комплексной переменной к теории упругости |
| 700 | 1 |
_aКолосов _bГ. В. _f1867-1936 _gГурий Васильевич |
|
| 801 | 0 |
_aRU _bNLR _gpsbo |
|
| 801 | 1 |
_aRU _bELAR _2rusmarc |
|
| 852 |
_aNLR _j34-2/2256 |
||
| 942 | _cBOOK | ||
| 980 | _aNB | ||